Zastaveníčko (Spi, má zlatá, boubelatá) : píseň s průvodem klavíru /

Hlavní autor: Ryba, Jakub Jan, 1765-1815
Jazyk: Čeština
Vydáno: V Praze : Česká akademie věd a umění, 1948
Fyzický popis: 1 partitura ([7] s.)
Hudebniny Hudebniny
Uloženo v:
LEADER 00836ncm a22002172a 4500
001 000263245
003 CZ BrMZK
005 20150907155316.0
007 qu
008 980105s1948 xr f cze d
040 |a BOA001  |b cze 
072 7 |a 784  |x Vokální hudba  |2 Konspekt  |9 9 
100 1 |a Ryba, Jakub Jan,  |d 1765-1815  |7 jk01103232  |4 cmp 
245 1 0 |a Zastaveníčko  |h [hudebnina] :  |b (Spi, má zlatá, boubelatá) : píseň s průvodem klavíru /  |c Jakub Jan Ryba 
260 |a V Praze :  |b Česká akademie věd a umění,  |c 1948 
300 |a 1 partitura ([7] s.) 
910 |a BOA001  |b Mus4-0216.456 
990 |a MU 
991 |b 201212 
996 6 |b 2619690877  |c Mus4-0216.456  |l MZK  |r Sklad / do 1 hodiny  |n 0  |w 000263245  |u 000020  |a 1  |e BOA001  |j MZK50  |s P 
996 7 |b 2619907628  |c Mus4-0216.456  |l MZK  |r Sklad / do 1 hodiny  |n 4  |w 000263245  |u 000010  |a 1  |e BOA001  |j MZK50  |s A